000 01133nam a22002657a 4500
005 20170124102933.0
010 _aA-425016
020 _c160.00
035 _aA-425016
037 _bCen Lib/Ret
040 _aDPL
_bHN
082 _a821.08
_bशुक्लशि
100 _aशुक्ल, शिवबालक
_945716
245 _aरितियुगींन प्रबन्धकाव्य /
_cशिवबालक शुक्ल
246 _aPragatiyugin prabandhkavya /
_bby Shiv Balak Shukla
260 _aकानपूर
_bआराधना ब्रोदार्स
_c1990
270 _a१२४/१५२, सी ब्लाक गोविंदनगर
_bकानपूर
_e208006
300 _a356पृ.
_c19सेमी (सजिल्द)
500 _aसन्दर्भ सूची शामिल
650 _aहिन्दी साहित्य
_945717
650 _aप्रबंध काव्य
_9779
650 _aHindi literature
_945718
650 _aManaging Poetry
_945719
942 _2ddc
_cHN
_h821.08
_mशुक्लशि
999 _c112066
_d112066